Southville International School and Colleges
Your cart is empty.
  • Cart
  • Lists
    Public lists Eva Luna New books Lux_list list_1
    Your lists Log in to create your own lists
  • Log in to your account
  • Your cookies
  • Search history
Southville International School and Colleges
  • Advanced search
  • Recent comments
  • Most popular
  • Libraries

Log in to your account

Log in with GOOGLE


If you do not have an external account, but do have a local account, you can still log in:

  1. Home
  2. MARC view: The flag we love /
Normal view MARC view ISBD view

The flag we love / (Record no. 105292)

[ view plain ]
MARC details
000 -LEADER
fixed length control field 00466nam a2200157 a 4500
005 - DATE AND TIME OF LATEST TRANSACTION
control field 20140412111350.0
008 - FIXED-LENGTH DATA ELEMENTS--GENERAL INFORMATION
fixed length control field 050519s19uu xx 00 eng d
020 ## - INTERNATIONAL STANDARD BOOK NUMBER
International Standard Book Number 0-439-25292-X
050 ## - LIBRARY OF CONGRESS CALL NUMBER
Classification number M 929.92
Item number R952 1996
100 ## - MAIN ENTRY--PERSONAL NAME
Personal name Ryan, Pam Munoz
245 ## - TITLE STATEMENT
Title The flag we love /
Statement of responsibility, etc by Pam Munoz Ryan ; illustrated by Ralph Masiello.
260 ## - PUBLICATION, DISTRIBUTION, ETC. (IMPRINT)
Place of publication, distribution, etc New York :
Name of publisher, distributor, etc Scholastic Inc,
Date of publication, distribution, etc 1996.
300 ## - PHYSICAL DESCRIPTION
Extent 1 v. (unp.) ; ill.
650 ## - SUBJECT ADDED ENTRY--TOPICAL TERM
Topical term or geographic name as entry element Flags and banners
Holdings
Withdrawn status Lost status Damaged status Home library Current library Shelving location Date acquired Source of acquisition Total Checkouts Full call number Barcode Date last seen Price effective from Koha item type
      Elizalde Library Elizalde Library Main Section 05/19/2005     M 929.92 R952 1996 E9832 04/12/2014 04/12/2014 Books

The flag we love /

APA

Ryan P. M., . (1996). The flag we love. New York: Scholastic Inc.

Chicago

Ryan Pam Munoz, . 1996. The flag we love. New York: Scholastic Inc.

Harvard

Ryan P. M., . (1996). The flag we love. New York: Scholastic Inc.

MLA

Ryan Pam Munoz, . The flag we love. New York: Scholastic Inc. 1996.

  • Place hold
  • Print
  • Cite
  • Add to your cart (remove)
  • Save record
    BIBTEX Dublin Core MARCXML MARC (non-Unicode/MARC-8) MARC (Unicode/UTF-8) MARC (Unicode/UTF-8, Standard) MODS (XML) RIS
  • More searches
    Search for this title in:
    Other Libraries (WorldCat) Other Databases (Google Scholar) Online Stores (Bookfinder.com) Open Library (openlibrary.org)

Exporting to Dublin Core...

SOUTHVILLE LIBRARY

Southville International School and Colleges Library

1281 Tropical Ave. Cor. Luxembourg St., BF Homes International, Las Pinas City

Tel. No. 8256374 / 252358 Loc. 117/146

Powered by Koha